Największe państwa na literę L - Statystyki

Ogólne statystyki
  • Ten quiz został rozwiązany 39 razy
  • Średni wynik to 4 z 5
Statystyki odpowiedzi
Powierzchnia (km²) Miejsce na świecie
pod względem powierzchni
Państwo % Poprawnych
1 759 540 16 Libia
89%
65 200 121 Litwa
87%
236 800 82 Laos
76%
111 369 102 Liberia
71%
30 355 137 Lesotho
63%
Nie znaleziono quizów pasujących do podanych kryteriów
Rozkład punktacji
Procent ludzi z każdym wynikiem
Percentyl według liczby udzielonych odpowiedzi
Twoja historia wyników
Nie rozwiązałeś tego quizu